| 000 | 00610nam a22001577a 4500 | ||
|---|---|---|---|
| 999 |
_c21071 _d21071 |
||
| 003 | AR-CdUCM | ||
| 008 | 191003b ||||| |||| 00| 0 spa d | ||
| 040 |
_aMUNICIPALIDAD PROVINCIAL DEL CUSCO _cBIBLIOTECA MUNICIPAL DEL CUSCO |
||
| 082 |
_aC / 352 / _bD85 |
||
| 110 |
_aMunicipalidad del Qosqo _96414 |
||
| 245 | _a Documentación sustentatoria del gasto efectuado por la municipalidad del Qosqo con los ingresos producidos por el decreto legislativo N° | ||
| 260 |
_aQosqo : _bMunicipalidad del Cusco, _c1993. |
||
| 300 |
_bFotografías a color ; _c30 cm. |
||
| 650 |
_aLey N 575 _943920 |
||
| 942 |
_2ddc _cLIBROS |
||